|
|
|
|
| LEADER |
00000ny a22000003n 4500 |
| 005 |
20110610141946.0 |
| 008 |
071205s2002 sp 000 0 spa d |
| 035 |
|
|
|a 203
|
| 040 |
|
|
|a UCN
|d vLex
|
| 090 |
|
|
|c 637
|d 637
|
| 100 |
1 |
|
|a Quinto Zumr̀raga, Francisco de
|
| 245 |
1 |
0 |
|a Proteccin̤ informt̀ica y legal de datos personales
|h [Recurso electrn̤ico]
|c Francisco de Quinto Zumr̀raga
|
| 256 |
|
|
|a Servicio en ln̕ea
|
| 260 |
|
|
|a [Barcelona :
|b Mutual Cyclops],
|c 2002
|
| 300 |
|
|
|a 1 v. (pag. var.)
|
| 506 |
1 |
|
|a Contenido solo disponible en los productos indicados
|d vLex Global
|d vLex Global (Academic Edition, excluding Law Schools)
|d vLex Global (U.S. Academic Edition, Law Schools)
|d vLex Global (U.S. Academic Edition, excluding Law Schools)
|d vLex Global (Academic Edition, Law Schools)
|
| 650 |
0 |
7 |
|a Proteccin̤ de la informacin̤ (Informt̀ica)
|2 Tesauro vLex
|
| 650 |
0 |
7 |
|a Datos personales
|2 Tesauro vLex
|
| 650 |
0 |
7 |
|a Civil
|2 Tesauro vLex
|
| 650 |
0 |
7 |
|a Dinero electrn̤ico
|2 Tesauro vLex
|
| 650 |
0 |
7 |
|a Nuevas tecnologa̕s
|2 Tesauro vLex
|
| 650 |
0 |
7 |
|a Proteccin̤ de datos personales
|2 Tesauro vLex
|
| 740 |
0 |
|
|a vLex Libros (Servicios en ln̕ea)
|
| 856 |
4 |
0 |
|u http://vlex.com/source/203
|z Acceso restringido
|
| 942 |
|
|
|c BOOK
|
| 999 |
0 |
|
|a Civil Law
|b Barcelona
|